000 00336nam a2200145Ia 4500
100 _aherrick/ C.N.
650 _aElectrical Engineering
942 _cBK
654 _atelevision
245 _aTelevision troubleshooting
260 _bD.B.Taraporevala & Sons
_aBombay
_c1979
082 _a621.38
300 _a230
546 _aENGLISH
999 _c34931
_d34931